[Event "Titled Tuesday intern op 26th Sep Late"]
[Site "Chess.com INT"]
[Date "2023.09.26"]
[Round "7"]
[White "Dourerassou, Jonathan"]
[Black "Kisic, Bozidar"]
[Result "1-0"]
[WhiteElo "2415"]
[BlackElo "2211"]
[PlyCount "99"]
[EventDate "2023.09.26"]
[EventType "swiss (blitz)"]
[EventRounds "11"]
[EventCountry "USA"]
[SourceTitle "EXT 2024"]
[Source "ChessBase"]
[SourceDate "2023.10.10"]
[SourceVersion "1"]
[SourceVersionDate "2023.10.10"]
[SourceQuality "1"]

1. d4 d5 2. Nf3 e6 3. Bf4 Bd6 4. e3 Ne7 5. Bd3 Ng6 6. Bg3 Qe7 7. Ne5 Nxe5 8. dxe5 Bb4+ 9. c3 Ba5 10. Qa4+ Nc6 11. Bb5 Bb6 12. Bxc6+ bxc6 13. Qxc6+ Qd7 14. Qxd7+ Bxd7 15. 0-0 c5 16. Nd2 Bb5 17. Rfd1 Be2 18. Re1 Bd3 19. e4 Kd7 20. Rad1 Bc2 21. Rc1 Ba4 22. exd5 exd5 23. Nf3 h6 24. e6+ fxe6 25. Ne5+ Kc8 26. Nf7 Rf8 27. Ne5 Kb7 28. Ng6 Rf6 29. Nf4 Bd7 30. c4 d4 31. Nd3 Re8 32. Re5 Rf5 33. Rce1 Rxe5 34. Bxe5 g5 35. Bg7 h5 36. f3 Rg8 37. Bf6 g4 38. f4 h4 39. Bxh4 Bc7 40. Nxc5+ Kc6 41. Nd3 Rb8 42. b3 Bd6 43. Bf6 Kc7 44. Bxd4 Rf8 45. Be5 Bc6 46. Bxd6+ Kxd6 47. g3 Bb7 48. Kf2 Kd7 49. Nc5+ Kc7 50. Nxe6+ 1-0

[Event "Titled Tuesday intern op 18th Jul Late"]
[Site "Chess.com INT"]
[Date "2023.07.18"]
[Round "2"]
[White "Kisic, Bozidar"]
[Black "Kujawski, Adam"]
[Result "1-0"]
[WhiteElo "2206"]
[BlackElo "2173"]
[PlyCount "39"]
[EventDate "2023.07.18"]
[EventType "swiss (blitz)"]
[EventRounds "11"]
[EventCountry "USA"]
[SourceTitle "EXT 2024"]
[Source "ChessBase"]
[SourceDate "2023.10.10"]
[SourceVersion "1"]
[SourceVersionDate "2023.10.10"]
[SourceQuality "1"]

1. d4 Nf6 2. Bg5 c5 3. d5 Ne4 4. h4 Qb6 5. Nd2 Nxg5 6. hxg5 Qxb2 7. g6 fxg6 8. e4 d6 9. Rb1 Qf6 10. Ngf3 Nd7 11. Bb5 a6 12. Bxd7+ Kxd7 13. e5 dxe5 14. Nc4 Kc7 15. Qd2 Rb8 16. Nfxe5 g5 17. 0-0 g6 18. Rb6 Qf4 19. Qa5 Bg7 20. Rc6# 1-0

[Event "Titled Tuesday intern op 18th Jul Late"]
[Site "Chess.com INT"]
[Date "2023.07.18"]
[Round "4"]
[White "Kisic, Bozidar"]
[Black "Sahakyan, Aleks"]
[Result "1/2-1/2"]
[WhiteElo "2206"]
[BlackElo "2232"]
[PlyCount "121"]
[EventDate "2023.07.18"]
[EventType "swiss (blitz)"]
[EventRounds "11"]
[EventCountry "USA"]
[SourceTitle "EXT 2024"]
[Source "ChessBase"]
[SourceDate "2023.10.10"]
[SourceVersion "1"]
[SourceVersionDate "2023.10.10"]
[SourceQuality "1"]

1. d4 Nf6 2. Bg5 Ne4 3. h4 d5 4. e3 c5 5. Nd2 Nxd2 6. Qxd2 Nc6 7. Nf3 Qb6 8. Be2 Bg4 9. 0-0 e6 10. Rad1 Bd6 11. c4 h6 12. dxc5 Qxc5 13. cxd5 exd5 14. Qxd5 Qxd5 15. Rxd5 hxg5 16. Rxd6 gxh4 17. Rfd1 Ke7 18. Bb5 Rad8 19. Rxd8 Nxd8 20. Rd4 Bxf3 21. gxf3 a6 22. Ba4 b5 23. Bb3 Rh6 24. a4 Nc6 25. Re4+ Kf8 26. Bd5 Ne7 27. Bb3 g5 28. axb5 axb5 29. Rb4 Rb6 30. Bc4 Rf6 31. Rxb5 Rg6 32. Bd3 Rd6 33. Bc2 f6 34. Bb3 Rd2 35. Rb8+ Kg7 36. Rb7 Kf8 37. Kg2 Rxb2 38. Rb8+ Kg7 39. Re8 Rxb3 40. Rxe7+ Kg6 41. Kh3 Rb2 42. Kg2 Ra2 43. e4 Ra6 44. Rd7 Rb6 45. Rd3 Re6 46. Kh3 f5 47. Re3 Re5 48. Re1 Re6 49. Re2 fxe4 50. fxe4 Rf6 51. e5 Rf3+ 52. Kg2 g4 53. e6 h3+ 54. Kh2 Rf8 55. Kg3 Kf5 56. e7 Re8 57. f3 gxf3 58. Kxf3 Kf6 59. Kg3 Rxe7 60. Rxe7 Kxe7 61. Kxh3 1/2-1/2

[Event "Titled Tuesday intern op 18th Jul Late"]
[Site "Chess.com INT"]
[Date "2023.07.18"]
[Round "1"]
[White "Martinez Alcantara, Jose Eduardo"]
[Black "Kisic, Bozidar"]
[Result "1-0"]
[WhiteElo "2619"]
[BlackElo "2206"]
[PlyCount "87"]
[EventDate "2023.07.18"]
[EventType "swiss (blitz)"]
[EventRounds "11"]
[EventCountry "USA"]
[SourceTitle "EXT 2024"]
[Source "ChessBase"]
[SourceDate "2023.10.10"]
[SourceVersion "1"]
[SourceVersionDate "2023.10.10"]
[SourceQuality "1"]

1. e4 g6 2. d4 Bg7 3. c3 d6 4. Bd3 a6 5. Nf3 Nc6 6. 0-0 e5 7. dxe5 dxe5 8. h3 h6 9. Be3 Be6 10. Qe2 Qe7 11. Nbd2 Nf6 12. b4 Nh5 13. Rfe1 Nf4 14. Bxf4 exf4 15. e5 0-0-0 16. Bxa6 Bd5 17. Bc4 g5 18. b5 Na5 19. Bxd5 Rxd5 20. c4 Rdd8 21. Nb3 Qb4 22. Nxa5 Qxa5 23. Qe4 Kb8 24. a4 Rhe8 25. c5 f6 26. Qg6 Bh8 27. exf6 Rf8 28. Rab1 b6 29. cxb6 Qxb6 30. a5 Qxf6 31. Qe4 Qf5 32. Qc4 Qd5 33. Qa4 g4 34. hxg4 h5 35. g5 h4 36. b6 c6 37. a6 h3 38. a7+ Kb7 39. Re7+ Rd7 40. Rxd7+ Qxd7 41. Qb4 Rf7 42. a8Q+ Kxa8 43. b7+ Kb8 44. Qa5 1-0

[Event "Titled Tuesday intern op 27th Jun Late"]
[Site "Chess.com INT"]
[Date "2023.06.27"]
[Round "3"]
[White "Kisic, Bozidar"]
[Black "Boder, Jan"]
[Result "1/2-1/2"]
[WhiteElo "2206"]
[BlackElo "2294"]
[PlyCount "145"]
[EventDate "2023.06.27"]
[EventType "swiss (blitz)"]
[EventRounds "11"]
[EventCountry "USA"]
[SourceTitle "EXT 2024"]
[Source "ChessBase"]
[SourceDate "2023.10.10"]
[SourceVersion "1"]
[SourceVersionDate "2023.10.10"]
[SourceQuality "1"]

1. d4 Nf6 2. Bg5 Ne4 3. h4 d5 4. Nd2 c5 5. Nxe4 dxe4 6. d5 h6 7. Bf4 e6 8. dxe6 Qxd1+ 9. Rxd1 Bxe6 10. e3 Nd7 11. Bb5 0-0-0 12. Ne2 a6 13. Bxd7+ Rxd7 14. Nc3 Rxd1+ 15. Kxd1 f5 16. Ke2 Bc4+ 17. Kd2 Be7 18. Be5 Rd8+ 19. Kc1 g6 20. Bg7 h5 21. g3 b5 22. b3 Bf7 23. Ne2 a5 24. Bc3 b4 25. Be5 a4 26. Nf4 Kb7 27. Rd1 Rxd1+ 28. Kxd1 Kc6 29. Kc1 g5 30. hxg5 Bxg5 31. Ng2 Kd5 32. Bg7 c4 33. Kb2 a3+ 34. Kc1 cxb3 35. cxb3 Kc5 36. Bf8+ Kb5 37. Ne1 Bf6 38. Nc2 h4 39. gxh4 Bxh4 40. Bxb4 Bxf2 41. Bxa3 Kb6 42. Kd2 Bh5 43. Bd6 Kc6 44. Bf4 Kd5 45. Nd4 Bg4 46. Ne2 Bh4 47. Nc3+ Kc5 48. Na4+ Kb4 49. Bd6+ Kb5 50. Nc3+ Kc6 51. Bf4 Be7 52. Ne2 Bb4+ 53. Kd1 Kd5 54. Bg3 Ba5 55. a3 Bc3 56. Be1 Bb2 57. a4 Ba3 58. a5 Bc5 59. Bd2 Kc6 60. b4 Ba7 61. Bc3 Kb5 62. Bd4 Bb8 63. Bc5 Be5 64. Kd2 Bxe2 65. Kxe2 Bc7 66. Kd2 f4 67. exf4 Bxf4+ 68. Kc2 Bc7 69. Kb3 Bxa5 70. bxa5 Kxa5 71. Kc3 Kb5 72. Kd4 Kc6 73. Kxe4 1/2-1/2

[Event "Titled Tuesday intern op 23rd May Late"]
[Site "Chess.com INT"]
[Date "2023.05.23"]
[Round "7"]
[White "Evdokimov, Alexey2222"]
[Black "Kisic, Bozidar"]
[Result "0-1"]
[WhiteElo "2257"]
[BlackElo "2216"]
[PlyCount "122"]
[EventDate "2023.05.23"]
[EventType "swiss (blitz)"]
[EventRounds "11"]
[EventCountry "USA"]
[SourceTitle "EXT 2024"]
[Source "ChessBase"]
[SourceDate "2023.10.10"]
[SourceVersion "1"]
[SourceVersionDate "2023.10.10"]
[SourceQuality "1"]

1. e4 g6 2. d4 Bg7 3. c3 d6 4. Bd3 c6 5. f4 b5 6. e5 Nh6 7. Nf3 0-0 8. 0-0 a6 9. Nbd2 c5 10. Ne4 cxd4 11. cxd4 dxe5 12. dxe5 Nc6 13. Neg5 Bf5 14. Bxf5 Qb6+ 15. Kh1 Nxf5 16. Qe1 Rfd8 17. Nh4 Ncd4 18. Be3 Qb7 19. Nxf5 Nxf5 20. Bg1 Rac8 21. Rc1 h6 22. Nf3 Qd5 23. Rxc8 Rxc8 24. Qd1 Qxa2 25. Qd7 Qc4 26. Rd1 h5 27. Bf2 Qc6 28. Qxc6 Rxc6 29. Rd8+ Bf8 30. h3 Ng7 31. Bh4 Ne6 32. Ra8 Kg7 33. Ng5 Nxg5 34. Bxg5 Rc2 35. Rxa6 Rxb2 36. Ra7 b4 37. Bxe7 Bxe7 38. Rxe7 Re2 39. Rb7 Re4 40. g3 h4 41. gxh4 Rxf4 42. Kg2 Re4 43. Kf3 Rxe5 44. Rxb4 Kh6 45. Kg3 Rf5 46. Rc4 Rf6 47. Rd4 Kh5 48. Rc4 Rf5 49. Rd4 Rb5 50. Re4 Rb3+ 51. Kg2 Rd3 52. Rc4 Re3 53. Rb4 f5 54. Rc4 Re4 55. Rc8 Kxh4 56. Rh8+ Kg5 57. Rc8 Re3 58. Rc4 Kh5 59. Rd4 Ra3 60. Rc4 g5 61. Rc8 Kg6 0-1

[Event "EU-ch 23rd"]
[Site "Vrnjacka Banja"]
[Date "2023.03.12"]
[Round "10"]
[White "Kisic, Bozidar"]
[Black "Simonovic, Miroslav"]
[Result "1-0"]
[WhiteElo "2283"]
[BlackElo "2115"]
[PlyCount "69"]
[EventDate "2023.03.03"]
[EventType "swiss"]
[EventRounds "11"]
[EventCountry "SRB"]
[SourceTitle "CBM 213"]
[Source "ChessBase"]
[SourceDate "2023.04.30"]
[SourceVersion "1"]
[SourceVersionDate "2023.04.30"]
[SourceQuality "1"]

1. d4 c5 2. d5 b5 3. Nf3 Bb7 4. e4 Nf6 5. Bxb5 Nxe4 6. 0-0 Qb6 7. c4 Nd6 8. Be3 Nxb5 9. cxb5 Qxb5 10. Nc3 Qa5 11. a3 c4 12. b4 Qa6 13. a4 Qg6 14. Ne5 Qf5 15. Nxc4 e6 16. Nb5 Kd8 17. Ncd6 Bxd6 18. Nxd6 Qxd5 19. Nxf7+ Ke7 20. Qxd5 Bxd5 21. Nxh8 Nc6 22. b5 Na5 23. Rfe1 Kf8 24. Rac1 Nc4 25. Bd4 Kg8 26. Rc3 a6 27. Rg3 e5 28. Bxe5 Nxe5 29. Rxe5 Be6 30. b6 Rc8 31. Rge3 Kxh8 32. h4 Kg8 33. Ra5 Bc4 34. Rc3 d5 35. Rxd5 1-0

[Event "EU-ch 23rd"]
[Site "Vrnjacka Banja"]
[Date "2023.03.03"]
[Round "1"]
[White "Brkic, Ante"]
[Black "Kisic, Bozidar"]
[Result "1/2-1/2"]
[WhiteElo "2596"]
[BlackElo "2283"]
[PlyCount "91"]
[EventDate "2023.03.03"]
[EventType "swiss"]
[EventRounds "11"]
[EventCountry "SRB"]
[SourceTitle "CBM 213"]
[Source "ChessBase"]
[SourceDate "2023.04.30"]
[SourceVersion "1"]
[SourceVersionDate "2023.04.30"]
[SourceQuality "1"]

1. e4 g6 2. d4 Bg7 3. Nc3 d6 4. Be3 a6 5. g4 b5 6. Bg2 Bb7 7. h4 b4 8. Nd5 Nf6 9. Nxf6+ exf6 10. h5 f5 11. gxf5 gxf5 12. Ne2 Bxe4 13. Bxe4 fxe4 14. Ng3 d5 15. Qg4 Bf8 16. Nxe4 Nc6 17. Nc5 Bxc5 18. dxc5 Qd7 19. Qxd7+ Kxd7 20. 0-0-0 Ne7 21. Rh4 a5 22. Rf4 f5 23. Rf3 Rhg8 24. Bd4 Raf8 25. h6 Rg4 26. c3 Rf7 27. Kc2 Rh4 28. Bg7 Kc6 29. Re1 Re4 30. Rg1 Rh4 31. Re3 Rh2 32. Re2 f4 33. cxb4 axb4 34. Kb3 Kb5 35. a4+ Ka5 36. Rge1 Rh3+ 37. Kc2 Nf5 38. Re8 b3+ 39. Kd2 Nxg7 40. hxg7 Rxg7 41. Ra8+ Kb4 42. Rc1 Rh2 43. Rb8+ Ka5 44. Ra8+ Kb4 45. Rb8+ Ka5 46. Ra8+ 1/2-1/2

[Event "EU-ch Cities&Town op"]
[Site "Tornelo INT"]
[Date "2023.01.29"]
[Round "?"]
[White "Mastrovasilis, Athanasios"]
[Black "Kisic, Bozidar"]
[Result "1-0"]
[WhiteElo "2520"]
[BlackElo "2303"]
[PlyCount "87"]
[EventDate "2023.01.29"]
[EventType "team-swiss"]
[EventRounds "9"]
[EventCountry "NET"]
[SourceTitle "CBM 212 Extra"]
[Source "ChessBase"]
[SourceDate "2023.03.31"]
[SourceVersion "1"]
[SourceVersionDate "2023.03.31"]
[SourceQuality "1"]
[WhiteTeam "Thessaloniki"]
[BlackTeam "Niksic"]
[WhiteTeamCountry "GRE"]
[BlackTeamCountry "MNE"]

1. d4 Nf6 2. c4 c5 3. d5 b5 4. cxb5 a6 5. bxa6 d6 6. Nc3 g6 7. Nf3 Bg7 8. e4 0-0 9. Bd3 Bxa6 10. 0-0 Nbd7 11. h3 Qa5 12. Rb1 Rfb8 13. Bxa6 Qxa6 14. Bd2 Nb6 15. b3 Qd3 16. Re1 Nfd7 17. Re3 Qa6 18. a4 c4 19. Nb5 Rb7 20. Nbd4 cxb3 21. Rexb3 Nc5 22. Rb5 Nbxa4 23. Rxb7 Nxb7 24. Nc6 Bf6 25. Qc2 Nbc5 26. Bg5 Re8 27. h4 Qd3 28. Qxd3 Nxd3 29. Nd2 Nac5 30. Bxf6 exf6 31. f3 Kg7 32. Nc4 Ra8 33. Nxd6 Ra2 34. Nb4 Nxb4 35. Rxb4 Nd3 36. Rb7 Nf4 37. Rxf7+ Kg8 38. Rxf6 Nxg2 39. h5 Kg7 40. Ne8+ Kh6 41. hxg6 hxg6 42. d6 Ne3 43. d7 Rg2+ 44. Kh1 1-0

[Event "EU-ch Cities&Town op"]
[Site "Tornelo INT"]
[Date "2023.01.29"]
[Round "?"]
[White "Tudoroiu, Razvan Catalin"]
[Black "Kisic, Bozidar"]
[Result "1-0"]
[WhiteElo "1923"]
[BlackElo "2303"]
[PlyCount "105"]
[EventDate "2023.01.29"]
[EventType "team-swiss"]
[EventRounds "9"]
[EventCountry "NET"]
[SourceTitle "CBM 212 Extra"]
[Source "ChessBase"]
[SourceDate "2023.03.31"]
[SourceVersion "1"]
[SourceVersionDate "2023.03.31"]
[SourceQuality "1"]
[WhiteTeam "Galati CSM"]
[BlackTeam "Niksic"]
[WhiteTeamCountry "ROU"]
[BlackTeamCountry "MNE"]

1. d4 Nf6 2. c4 c5 3. d5 b5 4. cxb5 a6 5. bxa6 d6 6. Nc3 g6 7. e4 Bg7 8. Nf3 Qa5 9. Bd2 Bxa6 10. Be2 Nbd7 11. 0-0 0-0 12. a4 Qb6 13. Bxa6 Rxa6 14. b3 Rb8 15. Rb1 Ng4 16. Qc2 Rc8 17. h3 Nge5 18. Nxe5 Nxe5 19. Be3 Qb8 20. f4 Nd7 21. Qe2 Qa8 22. Nb5 c4 23. Rfc1 c3 24. Qd3 Nc5 25. Bxc5 Rxc5 26. Nxc3 Qc8 27. Ne2 Ra8 28. Rc4 Qa6 29. Rbc1 Rb8 30. Nd4 Rxc4 31. Rxc4 Qb6 32. Kh2 Bxd4 33. Rxd4 Qxb3 34. Qxb3 Rxb3 35. Rc4 Kg7 36. e5 Rd3 37. a5 dxe5 38. Ra4 Rxd5 39. a6 Rd8 40. fxe5 Ra8 41. a7 Kf8 42. Kg3 Ke8 43. Kf4 Kd7 44. Kg5 Ke6 45. Ra5 h5 46. g4 hxg4 47. hxg4 Kd7 48. Kh6 Kc6 49. Kg7 Kb6 50. Ra1 f6 51. exf6 exf6 52. Kxf6 Kc5 53. Kxg6 1-0

[Event "Titled Tuesday intern op 20th Sep Late"]
[Site "Chess.com INT"]
[Date "2022.09.20"]
[Round "7"]
[White "Gascon del Nogal, Jose Rafael"]
[Black "Kisic, Bozidar"]
[Result "1-0"]
[WhiteElo "2458"]
[BlackElo "2309"]
[PlyCount "65"]
[EventDate "2022.09.20"]
[EventType "swiss (blitz)"]
[EventRounds "11"]
[EventCountry "USA"]
[SourceTitle "EXT 2023"]
[Source "ChessBase"]
[SourceDate "2022.10.05"]
[SourceVersion "1"]
[SourceVersionDate "2022.10.05"]
[SourceQuality "1"]

1. e4 g6 2. d4 Bg7 3. Nc3 d6 4. f4 a6 5. Nf3 Nd7 6. Bd3 b5 7. e5 Bb7 8. 0-0 c5 9. Ng5 Qb6 10. e6 Bxd4+ 11. Kh1 fxe6 12. Nxe6 Nf8 13. Nxf8 Kxf8 14. f5 Nf6 15. Bh6+ Kf7 16. Qe2 Be5 17. Be4 g5 18. Bxg5 Rhg8 19. Bxf6 Bxf6 20. Bd5+ Kg7 21. Qe6 Kh8 22. Bxb7 Qxb7 23. Nd5 Raf8 24. Rae1 Rg7 25. Rf3 c4 26. Rg3 Rfg8 27. Nxf6 Rxg3 28. hxg3 Rxg3 29. Nd5 Qa7 30. Qxe7 Qf2 31. Qf8+ Rg8 32. Qf6+ Rg7 33. Re8# 1-0

[Event "Titled Tuesday intern op 20th Sep Late"]
[Site "Chess.com INT"]
[Date "2022.09.20"]
[Round "2"]
[White "Kisic, Bozidar"]
[Black "Joubert, Dantelle"]
[Result "1-0"]
[WhiteElo "2309"]
[BlackElo "1566"]
[PlyCount "69"]
[EventDate "2022.09.20"]
[EventType "swiss (blitz)"]
[EventRounds "11"]
[EventCountry "USA"]
[SourceTitle "EXT 2023"]
[Source "ChessBase"]
[SourceDate "2022.10.05"]
[SourceVersion "1"]
[SourceVersionDate "2022.10.05"]
[SourceQuality "1"]

1. d4 d5 2. c4 e6 3. Nc3 Nf6 4. cxd5 Nxd5 5. Nf3 Be7 6. g3 0-0 7. Bg2 c5 8. Nxd5 Qxd5 9. 0-0 Qh5 10. a3 Rd8 11. Qc2 cxd4 12. Nxd4 e5 13. Nb5 Nc6 14. Nc7 Rb8 15. Nd5 Bf8 16. Be3 Bg4 17. Rfe1 Nd4 18. Bxd4 exd4 19. Nf4 Qf5 20. Qa4 g5 21. Nd3 Bxe2 22. Rxe2 Qxd3 23. Rae1 Qg6 24. Be4 Qf6 25. Qxa7 b6 26. Bd3 h6 27. Qa4 Bc5 28. Qb3 Kg7 29. Qb5 Rd6 30. Re5 Rbd8 31. Qc4 Qf3 32. Rf5 Qg4 33. Qxf7+ Kh8 34. Rf4 R6d7 35. Qf6+ 1-0

[Event "Titled Tuesday intern op 20th Sep Late"]
[Site "Chess.com INT"]
[Date "2022.09.20"]
[Round "8"]
[White "Kisic, Bozidar"]
[Black "Prydun, Andriy"]
[Result "1-0"]
[WhiteElo "2309"]
[BlackElo "2134"]
[PlyCount "59"]
[EventDate "2022.09.20"]
[EventType "swiss (blitz)"]
[EventRounds "11"]
[EventCountry "USA"]
[SourceTitle "EXT 2023"]
[Source "ChessBase"]
[SourceDate "2022.10.05"]
[SourceVersion "1"]
[SourceVersionDate "2022.10.05"]
[SourceQuality "1"]

1. d4 Nf6 2. Bg5 d5 3. e3 c6 4. Nd2 Nbd7 5. f4 b6 6. Bd3 a5 7. Qe2 Nb8 8. Ngf3 Ba6 9. Ne5 Bxd3 10. cxd3 e6 11. Rc1 c5 12. dxc5 bxc5 13. d4 c4 14. Bxf6 gxf6 15. Nef3 Bb4 16. 0-0 Nd7 17. f5 0-0 18. Nh4 Kh8 19. a3 Bxd2 20. Qxd2 Rg8 21. Qe2 Rg5 22. fxe6 fxe6 23. e4 Qb6 24. Rcd1 Rb8 25. exd5 Rxd5 26. Kh1 Rxd4 27. Rxd4 Qxd4 28. Qxe6 Rxb2 29. Qe8+ Kg7 30. Nf5# 1-0